| 000 | 00428nam a2200181Ia 4500 | ||
|---|---|---|---|
| 001 | 24198 | ||
| 005 | 20260414151027.0 | ||
| 008 | 260414t2011||||xx |||||||||||||| ||spa|| | ||
| 041 | _aESP | ||
| 082 |
_a792.028 _bB161 |
||
| 100 |
_aBoal, Augusto _eAUT |
||
| 245 | 0 |
_aJuegos para actores y no actores _b |
|
| 260 | _c2011 | ||
| 300 |
_a422 páginas : _c21 cm. |
||
| 650 | _aABD | ||
| 654 | _aCAU | ||
| 942 |
_cLIB _dJUS _fJUS _2ddc _n |
||
| 999 |
_c24198 _d24198 |
||